| 000 | 00000nam##2200000za#4500 |
| 001 | 9.646559 |
| 003 | CaOODSP |
| 005 | 20210929082759 |
| 007 | ta |
| 008 | 150407|1997||||xxc||||| f|0| 0 eng|d |
| 020 | |a0-662-25623-9 |
| 040 | |aCaOODSP|beng |
| 043 | |an-cn--- |
| 086 | 1 |aFo75-3/6-1997E |
| 110 | 1 |aCanada. |bNatural Resources Canada. |bCanadian Forest Service. |
| 245 | 10|aCriteria and indicators of sustainable forest management in Canada: technical report, 1997 / |cIssued by the Canadian Council of Forest Ministers. |
| 260 | |aOttawa - Ontario : |bNatural Resources Canada. |c1997. |
| 300 | |aiii, 137p. : |bfigs., graphs, maps, tables ; |c28 cm. |
| 500 | |aContents: Conservation of biological diversity.--Maintenance and enhancement of forest ecosystem condition and productivity.--Conservation of soil and water resources.--Forest ecosystem contributions to global ecological cycles.--Multiple benefits of forests to society.--Accepting society's responsibility for sustainable development.--Glossary.--Subject index. |
| 563 | |aSoftcover |
| 590 | |a98-45|b1998-11-06 |
| 690 | 07|aForest management|2gcpds |
| 775 | 08|tCritères et indicateurs de l'aménagement durable des forêts au Canada, rapport technique 1997 / |w(CaOODSP)9.680094 |
| 776 | 0#|tCriteria and indicators of sustainable forest management in Canada : |w(CaOODSP)9.695960 |